| 000 | 00461nam a2200169 i 4500 | ||
|---|---|---|---|
| 001 | bg | ||
| 100 | 1 | _aJankowski, Wiktor. | |
| 245 | 1 | 0 |
_aGeometria wykreślna : _bpodręcznik dla inżynierskich studiów zawodowych / _cWiktor Jankowski. |
| 250 | _aWyd.4. | ||
| 260 |
_aWarszawa, _c1981. |
||
| 650 | 9 | _aGeometria wykreślna | |
| 655 | _aPodręczniki akademickie | ||
| 040 | _cBPK | ||
| 041 | _apol | ||
| 942 | _cKS | ||
| 008 | s pl f |000 0 pol | ||
| 999 |
_c1603 _d1603 |
||
| 856 |
_uhttp://koha.tu.koszalin.pl/cgi-bin/koha/opac-detail.pl?biblionumber=1603 _yKatalog online BPK |
||